000 02362cam a2200637 i 4500
001 zz2006922690
003 NUKAT
005 20260318110436.0
008 060315s1987 pl a |001 0 pol c
020 _a8370022723
_q(oprawa miękka)
035 _a(OCoLC)69297985
035 _a(NUKAT)zz2006922690
040 _aLUBL M/IK
_bpol
_erda
_cLUBL M/IK
_dLUBL M/JD
_dPOZN U/KNs
_dTOR U/JSzs
_dOLSZT 008/bak
046 _o1945
_p1987
100 1 _aBarycz, Henryk
_d(1901-1994).
_eAutor
_98245
245 1 0 _aMiędzy Krakowem a Warmią i Mazurami :
_bstudia i szkice /
_cHenryk Barycz.
250 _aWydanie pierwsze.
260 _aOlsztyn :
_bWydawnictwo Pojezierze,
_c1987.
300 _a341, [3] strony :
_bilustracje ;
_c24 cm.
336 _aTekst
_btxt
_2rdacontent
337 _aBez urządzenia pośredniczącego
_bn
_2rdamedia
338 _aWolumin
_bnc
_2rdacarrier
380 _aKsiążki
380 _aPublikacje naukowe
388 1 _a1901-2000
388 1 _a1945-1989
504 _aIndeksy.
600 1 7 _aKopernik, Mikołaj
_d(1473-1543)
_xhistoriografia.
_2kaba
_938342
610 2 4 _aAlbertus-Universität Königsberg
_y16 w.
_2kaba
_9886
648 7 _a1401-1500
_2DBN
_936030
648 7 _a1501-1600
_2DBN
_936032
648 7 _a1601-1700
_2DBN
_936034
648 7 _a1701-1800
_2DBN
_936035
648 7 _a1801-1900
_2DBN
_936037
648 7 _a1901-2000
_2DBN
_934996
650 7 _aAstronomia
_zPolska
_y1500-1800.
_2kaba
_938343
650 7 _aLiteratura polska
_y1500-1800
_xhistoria i krytyka.
_2kaba
_938344
651 7 _aKrólewiec (Rosja)
_2DBN
_935199
651 7 _aMazury
_2DBN
_935176
651 7 _aPolska
_2DBN
_935076
651 7 _aPrusy
_2DBN
_935118
651 7 _aPrusy Książęce
_2DBN
_935232
651 7 _aWarmia
_2DBN
_935166
651 7 _aPolska
_xstosunki
_zPrusy.
_2kaba
_938345
651 7 _aPrusy
_xstosunki
_zPolska.
_2kaba
_938346
651 7 _aPrusy
_xcywilizacja.
_2kaba
_920541
651 7 _aPolska
_xcywilizacja.
_2kaba
_94635
651 7 _aPrusy Wschodnie (prowincja)
_y1500-1800.
_2kaba
_938347
651 7 _aWarmia (Polska ; region)
_y1500-1800.
_2kaba
_932979
655 7 _aAntologia
_2DBN
_934961
658 _aHistoria
658 _aKultura i sztuka
710 2 _aStowarzyszenie Społeczno-Kulturalne "Pojezierze" (Olsztyn).
_bWydawnictwo.
_eWydawca
_4pbl
_911709
920 _a83-7002-272-3 (oprawa miękka)
942 _2ddc
_cBK_NM
999 _c27092
_d27092